| 000 | 01353nac a22002291u 4500 | ||
|---|---|---|---|
| 008 | 100509t xxu||||| |||| 00| 0 eng d | ||
| 010 | _a 2006049816 | ||
| 020 | _a013144204X | ||
| 082 | 0 | 0 |
_a363.7 _bWRI _222 |
| 100 |
_aBoorse, Dorothy _913851 |
||
| 245 | 1 | 0 |
_aEnvironmental Science In Practice : CD / _bGlobal City / _cRichard T. Wright and Dorothy Boorse. |
| 246 | _aToward a sustainable future | ||
| 250 | _a9th ed. | ||
| 260 |
_aUpper Saddle River, N.J. : _bPearson/Prentice Hall,2005 _cc 2005. |
||
| 300 |
_a1 CD-ROM : _bsd., col. ; _c4 3/4 in. |
||
| 538 | _aSystem requirements for accompanying CD-ROM: PC.Windows 98/Me/2000/NT/XP; Pentium II 233 MHz processor; 64 MB RAM; 800 x 600 pixel screen resolution or higher; color monitor running "Thousands of Colors" or higher; audio-capable system is recommended; 4x CD-ROM drive; speakers; netscape(TM) 6 or 7; Internet Explorer(TM) 5.5 or 6; Adobe Acrobat Reader 5.0 or higher; Internet connection; printer. | ||
| 650 | 0 |
_aEnvironmental sciences _913852 |
|
| 700 |
_aWright, Richard T., _95111 |
||
| 942 |
_cCDB _k363.7 WRI _2ddc |
||
| 999 |
_c5332 _d5332 |
||